| 000 | 00598nam a22002177a 4500 | ||
|---|---|---|---|
| 001 | 00028618 | ||
| 005 | 20260321104254.0 | ||
| 008 | 260321b ag ||||| |||| 00| 0 spa d | ||
| 020 | _a9501241600 | ||
| 040 |
_aAR-CcCEOS _bspa _cAR-CcCEOS |
||
| 041 | _aspa | ||
| 080 | _a159.964 | ||
| 090 | _bSAF | ||
| 100 | 1 |
_aSafouan, Moustafa _9948 |
|
| 245 |
_aLa transferencia y el deseo del analista / _cMoustapha Safouan |
||
| 250 | _a1ª ed. | ||
| 264 |
_aBuenos Aires : _bPaidós, _cc1989. |
||
| 300 |
_a242 p. ; _c24x15 cm. |
||
| 655 | 0 |
_apsicología _vpsiconoanalisis _9124 |
|
| 942 |
_2udc _cBK _n0 |
||
| 999 |
_c28648 _d28648 |
||